<?xml version="1.0" encoding="UTF-8"?>
<record
    xmlns:xsi="http://www.w3.org/2001/XMLSchema-instance"
    xsi:schemaLocation="http://www.loc.gov/MARC21/slim http://www.loc.gov/standards/marcxml/schema/MARC21slim.xsd"
    xmlns="http://www.loc.gov/MARC21/slim">

  <leader>01590    a2200217   4500</leader>
  <controlfield tag="001">25432</controlfield>
  <controlfield tag="005">20260407155538.0</controlfield>
  <controlfield tag="008">260407a2002    arg                 spa d</controlfield>
  <controlfield tag="003">AR-UNSa-BCEJYS</controlfield>
  <datafield tag="040" ind1=" " ind2=" ">
    <subfield code="a">AR-UNSa-BCEJYS</subfield>
    <subfield code="b">spa</subfield>
    <subfield code="c">AR-UNSa-BCEJYS</subfield>
  </datafield>
  <datafield tag="080" ind1=" " ind2=" ">
    <subfield code="a">657.05</subfield>
    <subfield code="x">Contabilidad de gesti&#xF3;n (Contabilidad gerencial, control de gesti&#xF3;n...)</subfield>
  </datafield>
  <datafield tag="245" ind1="1" ind2="0">
    <subfield code="a">Contabilidad y gesti&#xF3;n</subfield>
    <subfield code="p">un enfoque sist&#xE9;mico de la informaci&#xF3;n para la acci&#xF3;n</subfield>
  </datafield>
  <datafield tag="020" ind1=" " ind2=" ">
    <subfield code="a">950-537-569-7</subfield>
  </datafield>
  <datafield tag="264" ind1=" " ind2="1">
    <subfield code="a">Buenos Aires :</subfield>
    <subfield code="b">Ediciones Macchi</subfield>
    <subfield code="c">2002</subfield>
  </datafield>
  <datafield tag="300" ind1=" " ind2=" ">
    <subfield code="a">216 p.</subfield>
    <subfield code="c">22 cm.</subfield>
  </datafield>
  <datafield tag="505" ind1=" " ind2=" ">
    <subfield code="a">Parte I: Los conceptos b&#xE1;sicos de la contabilidad gerencial: 1. Palabras iniciales - 2. Primeras definiciones - 3. Breve esquema hist&#xF3;rico - 4. Contabilidad, contabilidad patrimonial y contabilidad gerencial - 5. Los modelos de la empresa, de la contabilidad y de sus dos ramas - 6. La contabilidad gerencial como actitud profesional - 7. La evoluci&#xF3;n de las ideas a trv&#xE9;s de algunas citas bibliogr&#xE1;ficas - 8. Hacia un dec&#xE1;logo de la gesti&#xF3;n y de la contabilidad que le sirve - Parte II: Los instrumentos del control de gesti&#xF3;n : 9. El enfoque sist&#xE9;mico del control de gesti&#xF3;n - 10. Teor&#xED;a de las restricciones(theory of Constrainsts, TOC)- 11. El enfoque ABC - 12. Creaci&#xF3;n  y medici&#xF3;n del valor en las organizaciones - 13. Los activos inmateriales - 14. El tablero de comando balanceado.</subfield>
  </datafield>
  <datafield tag="942" ind1=" " ind2=" ">
    <subfield code="c">BK</subfield>
  </datafield>
  <datafield tag="590" ind1=" " ind2=" ">
    <subfield code="a">niveau_biblio:m niveau_hierar:0</subfield>
  </datafield>
  <datafield tag="100" ind1="1" ind2=" ">
    <subfield code="a">Herrscher, Enrique G.</subfield>
  </datafield>
  <datafield tag="856" ind1="4" ind2="1">
    <subfield code="u">https://biblioeco.unsa.edu.ar/pmb/images/libros/Contabilidad y Gestion.jpg</subfield>
    <subfield code="y">Imagen de portada</subfield>
    <subfield code="q">image/jpeg</subfield>
  </datafield>
  <datafield tag="999" ind1=" " ind2=" ">
    <subfield code="c">1382</subfield>
    <subfield code="d">1382</subfield>
  </datafield>
  <datafield tag="952" ind1=" " ind2=" ">
    <subfield code="0">0</subfield>
    <subfield code="1">0</subfield>
    <subfield code="4">0</subfield>
    <subfield code="7">0</subfield>
    <subfield code="a">BCEJYS</subfield>
    <subfield code="b">BCEJYS</subfield>
    <subfield code="c">16</subfield>
    <subfield code="d">2026-04-07</subfield>
    <subfield code="l">0</subfield>
    <subfield code="o">657.05 H564n</subfield>
    <subfield code="p">L87312</subfield>
    <subfield code="r">2026-04-07 15:55:38</subfield>
    <subfield code="w">2026-04-07</subfield>
    <subfield code="y">L</subfield>
  </datafield>
</record>
